000 00680nam a2200241Ia 4500
003 OSt
005 20220926013108.0
006 a|||||r|||| 00| 0
007 ta
008 220923b |||||||| |||| 00| 0 eng d
037 _cGeneral Book
040 _aRTL
_cRTL
_beng
041 _2eng
_aeng
082 _aY15.73.N7, L9
100 _aDeckard Barbara Sinclair
_9317820
245 0 _aWomen's movement
_b Political socioeconomic, and psy
250 _a2
260 _aNew York
_bHarper and Row
_c1979
300 _a484p
_ccm.
650 _aWoman Sociology
942 _hY15.73.N7, L9
_cGB
_2CC
999 _c625161
_d625161